Quiz sur le Portugal - Statistiques

Statistiques générales
  • Ce quiz a été pris 1 386 fois
  • Le résultat moyen est 11 sur 24
Statistiques - réponses
Question Réponse % Correct
Pays frontalier Espagne
100%
Capitale Lisbonne
100%
Deuxième ville la plus peuplée Porto
98%
Devise monétaire Euro
87%
Péninsule Ibérique
81%
Sport national Football
77%
Capitale de l'Algarve Faro
60%
Année de la révolution 1974
56%
Il est le premier producteur mondial de ce matériau Liège
48%
Plus vieille université Coimbra
46%
Patisserie originaire de Belem Pastel de Nata
46%
Code à deux lettres PT
44%
Nom de celle-ci Révolution des Oeillets
41%
Carreau de faïence décoré Azulejo
38%
Footballeur ayant évolué à l'Inter Milan Luis Figo
36%
Hymne national A Portuguesa
30%
Président de la république Marcelo Rebelo de Sousa
30%
Plus grande chanteuse de fado Amalia Rodrigues
26%
Année ou la capitale a accueilli l'exposition universelle 1998
19%
Grand poète né dans la capitale Fernando Pessoa
12%
Deuxième langue officielle Mirandais
10%
Principal emblême Coq de Barcelos
6%
Plus grand stade Stade de Luz
3%
Parti de Salazar Union Nationale
1%
Aucun quiz correspondant
Distribution des résultats
% des personnes avec chaque résultat
Percentile par nombre de réponses
Votre historique - résultats
Vous n’avez pas pris ce quiz